Reglamento de organización, funcionamiento y régimen jurídico de las corporaciones locales : aprobado por Decreto del Ministerio de la Gobernación de 17 de mayo de 1952, publicado en el Boletin Oficial del Estado de 7 de junio del mismo año aprobado por Decreto del Ministerio de la Gobernación de 17 de mayo de 1952, publicado en el Boletin Oficial del Estado de 7 de junio del mismo año
Descripción Física:
127 p. ; 15 cm
MARC
| LEADER | 00000nam a2200000Ia 4500 | ||
|---|---|---|---|
| 001 | 14336 | ||
| 008 | 160829s1953 xx 000 0 cat d | ||
| 080 | |a M-4-204 | ||
| 245 | |a Reglamento de organización, funcionamiento y régimen jurídico de las corporaciones locales : |b aprobado por Decreto del Ministerio de la Gobernación de 17 de mayo de 1952, publicado en el Boletin Oficial del Estado de 7 de junio del mismo año | ||
| 260 | |a Madrid : |b García Enciso, |c 1953 | ||
| 300 | |a 127 p. ; |c 15 cm | ||
| 610 | 1 | 0 | |9 55088 |a Espanya. |b Ministerio de la Gobernación |
| 650 | |a Administració local |x Espanya |x Reglaments i procediment |9 22185 | ||
| 901 | |a Arxiu | ||
| 942 | |n 1 |2 udc | ||
| 952 | |0 0 |1 0 |4 0 |6 M4204 |7 1 |9 42101 |a Arxiu |b Arxiu |d 2016-12-01 |l 0 |o M-4-204 |p 14336 |r 2016-12-01 00:00:00 |w 2016-12-01 |y ARXIU | ||
| 999 | |c 44548 |d 44548 | ||